000
00330nam a2200157Ia 4500
100
_a
Anderson Don
250
_a
2
942
_c
BK
654
_a
Computer
245
_a
PCMCIA Systems Architecture
260
_b
Addison Wesley Pub
_a
Mumbai
_c
1995
082
_a
4.64
_b
AND
300
_a
439
546
_a
ENGLISH
999
_c
28277
_d
28277